| 000 | 00710nam a2200193 4500 | ||
|---|---|---|---|
| 999 |
_c963 _d963 |
||
| 008 | 160125b xxu||||| |||| 00| 0 eng d | ||
| 020 | _a0618377492 | ||
| 082 |
_22005 _aDK12 910.7 _bW927 |
||
| 245 |
_aWorld cultures and geography / _cSarah W. Bednarz ... [and 3 more]. |
||
| 260 |
_aEvanston, IL : _bMcDougal Littell, _cc2007. |
||
| 300 |
_axxi, [833 pages] : _bcolor illustrations ; _c29 cm. |
||
| 500 | _aIncludes glossary and index. | ||
| 650 | 0 |
_92166 _aGeography _vStudy and teaching (Middle school) |
|
| 650 | 0 |
_92167 _aSocial sciences _vStudy and teaching (Middle school) |
|
| 700 |
_92495 _aMiyares, Ines M. |
||
| 700 |
_92497 _aSchug, Mark C |
||
| 700 |
_92496 _aWhite, Charles S. |
||
| 942 |
_2ddc _cBK |
||